| 000 | 00915 a2200241 4500 | ||
|---|---|---|---|
| 020 | _a1556155158 (v. 1) : | ||
| 020 | _a1556155166 (v. 2) | ||
| 020 | _a1556155174 (v. 3) | ||
| 020 | _a1556155182 (v. 4) | ||
| 020 | _a1556155190 (v. 5) | ||
| 040 |
_aDLC _bDLC |
||
| 082 | 0 | 0 | _a005.4469 |
| 245 | 0 | 0 | _aMicrosoft Win32 programmer's reference |
| 260 |
_aRedmond, Wash. : _bMicrosoft Press, _cc1993. |
||
| 300 |
_a5 v. : _bill. ; _c23 cm. |
||
| 440 | 0 | _aMicrosoft professional reference | |
| 500 | _aIncludes indexes. | ||
| 505 | 0 | _av. 1. Window management and graphic device interface -- v. 2. Systems services, multimedia, extensions, and application notes -- v. 3. Functions, A-G -- v. 4. Functions, H-Z -- v. 5. Messages, structures, and macros. | |
| 650 | 0 |
_aComputer software _xDevelopment. |
|
| 710 | 2 | _aMicrosoft Corporation. | |
| 740 | 0 | _aWin32 programmer's reference. | |
| 942 |
_cBK _k005.4469 MIC _2ddc |
||
| 999 |
_c6357 _d6357 |
||